000 00801cam a22002654a 4500
003 UPN
005 20240803063754.0
008 090210s2006 es r 000 f spa d
020 _a8421696327
035 _aUPN01000169136
040 _aUPN
_bspa
_cUPN
049 _aCG
050 4 _aPQ6651 L43
_bS65
100 1 _aAlfaya, An,
_d1964-
_930607
245 1 3 _aLa sombra descalza /
_cAn Alfaya ; traducción Anxela Rodríguez Rodríguez.
260 _aMadrid :
_bBruño,
_c2006.
300 _a129 páginas
490 0 _aParalelo cero ;
_v54
586 _aObra galardonada con el Premio Lazarillo 2005
650 4 _aNovela española
_910814
650 4 _aRelaciones de familia
_vNovela
_925101
700 1 _aBugallo Rodríguez, Ánxela
_etraductora
_944591
905 _aLibro
942 _cLIBRO
_2lcc
999 _c141242
_d141242